| 000 | 00660nam a2200253Ia 4500 | ||
|---|---|---|---|
| 001 | 8478 | ||
| 005 | 20240113234113.0 | ||
| 007 | ta | ||
| 008 | 050719s1997 a g b000 u eng u | ||
| 020 | _a0-19-866252-1 | ||
| 040 | _aCotton College Assam | ||
| 041 | _aeng | ||
| 082 |
_a947 _bFr 87 Ru |
||
| 100 | _aFreeze, Gregory L. . | ||
| 245 | 0 |
_aRussia: A History / _cGregory L. Freeze. _hTextual Documents |
|
| 250 | _a1st ed. / | ||
| 260 |
_aOxford : _bUniversity Press , _c1997. |
||
| 300 |
_axvii, 478p. : _bill. ; _c24cm . |
||
| 504 | _aIndex | ||
| 653 | _aHistory, Russia | ||
| 942 |
_2ddc _cBK |
||
| 999 |
_c8465 _d8465 |
||